000 00386 a2200145 4500
005 20250621094659.0
020 _a0-416-74060-7
082 _a330.096 SEI
100 _aSEIDMAN, A.
245 _aAn Economics Textbook for Africa.
250 _a3rd Ed.
260 _aNew York,
_bMethuen & Co. Ltd,
_c1980.
300 _axxii, 346p.: ill.; figure
_bIndex & References
_c21cm
942 _2ddc
_cBKS
999 _c482
_d482